[Event "DSOL 05 Liga Gr-B 1st"]
[Site "Playchess.com INT"]
[Date "2020.08.06"]
[Round "7.2"]
[White "Kuebart, Thore"]
[Black "Bonsen, Andreas"]
[Result "1-0"]
[WhiteElo "1873"]
[BlackElo "1815"]
[PlyCount "53"]
[EventDate "2020.06.22"]
[EventType "team-tourn (rapid)"]
[EventCountry "GER"]
[SourceTitle "EXT 2021"]
[Source "ChessBase"]
[SourceDate "2020.10.23"]
[SourceVersion "1"]
[SourceVersionDate "2020.10.23"]
[SourceQuality "1"]
[WhiteTeam "Radolfzell"]
[BlackTeam "Gross Gerau"]
[WhiteTeamCountry "GER"]
[BlackTeamCountry "GER"]

1. e4 e6 2. d4 d5 3. Nd2 f5 4. exd5 exd5 5. Bd3 Nf6 6. Ne2 Bd6 7. Nf3 0-0 8. 0-0 c6 9. c4 Be6 10. c5 Bc7 11. Nf4 Qd7 12. Re1 Bf7 13. Ne5 Bxe5 14. dxe5 Ne4 15. b4 Be6 16. Bb2 Na6 17. a3 Nc7 18. h4 g5 19. hxg5 Nxg5 20. Qh5 Qg7 21. Re3 Kh8 22. Rg3 Rg8 23. Bxf5 Bxf5 24. Rxg5 Bg6 25. Nxg6+ Qxg6 26. e6+ Rg7 27. Rxg6 1-0

[Event "DSOL 05 Liga Gr-B 1st"]
[Site "Playchess.com INT"]
[Date "2020.07.23"]
[Round "5.2"]
[White "Kuebart, Thore"]
[Black "Ziegler, Mario"]
[Result "0-1"]
[WhiteElo "1873"]
[BlackElo "2017"]
[PlyCount "74"]
[EventDate "2020.06.22"]
[EventType "team-tourn (rapid)"]
[EventCountry "GER"]
[SourceTitle "EXT 2021"]
[Source "ChessBase"]
[SourceDate "2020.10.23"]
[SourceVersion "1"]
[SourceVersionDate "2020.10.23"]
[SourceQuality "1"]
[WhiteTeam "Radolfzell"]
[BlackTeam "Birkenfeld"]
[WhiteTeamCountry "GER"]
[BlackTeamCountry "GER"]

1. e4 d6 2. d4 Nf6 3. Nc3 g6 4. Nf3 Bg7 5. Bc4 0-0 6. 0-0 Bg4 7. h3 Bxf3 8. Qxf3 Nc6 9. Be3 e5 10. d5 Ne7 11. Bg5 Nd7 12. b4 f6 13. Bd2 f5 14. Bg5 Bf6 15. Bxf6 Nxf6 16. exf5 gxf5 17. Ne2 Qe8 18. Ng3 Qg6 19. Rad1 Kh8 20. Rfe1 Rg8 21. Bb3 Rg7 22. Bc4 Rag8 23. Bf1 e4 24. Qb3 f4 25. Ne2 Qh6 26. c4 e3 27. fxe3 f3 28. Nf4 Ne4 29. Kh2 Qh4 30. Qb2 Qg3+ 31. Kh1 Nf2+ 32. Kg1 Nxh3+ 33. Nxh3 Qxh3 34. Rd2 Qg3 35. Rf2 Nf5 36. Qf6 Nh4 37. Rxf3 Nxf3+ 0-1

[Event "Wiesbaden op 30th"]
[Site "Wiesbaden"]
[Date "2018.08.24"]
[Round "3"]
[White "Kuebart, Thore"]
[Black "Lehmann, Wolfgang"]
[Result "1-0"]
[WhiteElo "1863"]
[BlackElo "1615"]
[PlyCount "119"]
[EventDate "2018.08.23"]
[EventType "swiss"]
[EventRounds "7"]
[EventCountry "GER"]
[SourceTitle "CBM 186 Extra"]
[Source "ChessBase"]
[SourceDate "2018.08.24"]
[SourceVersion "1"]
[SourceVersionDate "2018.08.24"]
[SourceQuality "1"]

1. e4 c6 2. d4 d5 3. e5 Bf5 4. Ne2 e6 5. Ng3 Bg6 6. Be2 c5 7. c3 cxd4 8. Qxd4 Nc6 9. Qa4 Qa5 10. Qb3 Qc7 11. 0-0 Bc5 12. Qb5 Qb6 13. Qa4 Nge7 14. b4 Bxb4 15. cxb4 0-0 16. b5 Nxe5 17. Be3 Qd6 18. f4 Nc4 19. Bxc4 dxc4 20. Nc3 Bd3 21. Rad1 Nd5 22. Nce4 Qd7 23. Bd2 b6 24. Nc3 Rfe8 25. Nxd5 exd5 26. Rfe1 Qc7 27. Be3 Re7 28. Bf2 Rae8 29. Qb4 Rxe1+ 30. Rxe1 Rxe1+ 31. Qxe1 h6 32. Qd2 Qd6 33. Bd4 Qd7 34. a4 Qe7 35. h3 Qa3 36. Qe3 Qf8 37. Qe5 f6 38. Qxd5+ Kh8 39. Kh2 Qe8 40. Bc3 Qf8 41. Qd7 Qa3 42. Nh5 Qf8 43. Bb4 Qg8 44. f5 Be2 45. Nf4 Bd3 46. Nxd3 cxd3 47. Qxd3 Qc8 48. Qd5 Kh7 49. Qe4 Qb8+ 50. Kg1 Qd8 51. Qg4 Qc8 52. Bd6 Kg8 53. Qe4 Kh7 54. Kh2 Qd7 55. Qe6 Qd8 56. Qe7 Qa8 57. Qc7 a6 58. Qxb6 axb5 59. axb5 Qe4 60. Qc6 1-0

[Event "Berlin Lichtenberger op 10th"]
[Site "Berlin"]
[Date "2011.08.14"]
[Round "2"]
[White "Kuebart, Thore"]
[Black "Wierzbicki, Jirawat"]
[Result "1-0"]
[WhiteElo "1868"]
[BlackElo "1451"]
[PlyCount "103"]
[EventDate "2011.08.13"]
[EventType "swiss"]
[EventRounds "9"]
[EventCountry "GER"]
[SourceTitle "CBM 143 Extra"]
[Source "ChessBase"]
[SourceDate "2011.08.29"]
[SourceVersion "1"]
[SourceVersionDate "2011.08.29"]
[SourceQuality "1"]

1. e4 e5 2. Nf3 Nc6 3. Bc4 Nf6 4. d3 Be7 5. 0-0 0-0 6. Nc3 d6 7. h3 Na5 8. Qe2 Nxc4 9. dxc4 h6 10. Be3 Be6 11. Rad1 Qc8 12. Nh2 Nh7 13. Nd5 Bg5 14. Nf3 Bxe3 15. Ne7+ Kh8 16. Nxc8 Raxc8 17. fxe3 Nf6 18. Nd2 Rcd8 19. Qf3 c6 20. Qg3 Nd7 21. Qh4 d5 22. exd5 cxd5 23. cxd5 Bxd5 24. Nf3 Bxf3 25. Rxf3 Kg8 26. e4 Nf6 27. Rxd8 Rxd8 28. Rxf6 gxf6 29. Qxf6 Rd1+ 30. Kh2 Rd2 31. Qxe5 Rxc2 32. Qb8+ Kh7 33. Qxb7 Kg7 34. Qxa7 Kg8 35. Qb8+ Kg7 36. a4 Rc4 37. Qe5+ Kh7 38. a5 Rc6 39. b4 Ra6 40. Qb5 Ra7 41. a6 Re7 42. Qb7 Rxb7 43. axb7 Kg7 44. b8Q Kg6 45. Qd6+ Kg7 46. b5 f6 47. b6 Kg6 48. e5 Kf5 49. g4+ Ke4 50. exf6 h5 51. f7 hxg4 52. f8Q 1-0